Statistics for Utah Jazz All-Time Starting 5

Click here to take the quiz!

General Stats

  • This quiz has been taken 262 times
  • The average score is 4 of 7

Answer Stats

PositionPlayer% Correct
PFKarl Malone
100%
PGJohn Stockton
99%
CMark Eaton
67%
SGPete Maravich
50%
SFAdrian Dantley
47%
CoachJerry Sloan
34%
6th ManDeron Williams
27%

Score Distribution

Percentile by Number Answered

Percent of People with Each Score

Your Score History

You have not taken this quiz